00947nam a2200217 a 450000100060000000300090000600800410001502000150005604000280007108200180009910000200011724500730013726000350021030000080024549000370025350503090029065000460059965000130064565000460065865000250070421302CO-ViMGA141112s2004 ck r 000 u spa d a9501242196 aCO-ViMGAbspacCO-ViMGA04a155.633 V374e1 aVerhaeghe, Paul10aExiste la mujer? : bDe la histerica de Freud a lo femenino en Lacan aBuenos Aires; Paidós, c1999 a359 aPaidós : psicología profunda aEl psicoanálisis como producto de la histeria. El discurso del amo Del trauma al fantasma : Lo real como imposible 33 - - Los posfreudianos y el discurso de la universidad Lacan y el discurso de la histerica 125 - - El freud olvidado : El pasaje al discurso del analista La roca de la catración 277 14aFREUD, SIGMUND - CRITICA E INTERPRETACION14aHISTERIA14aLACAN, JACQUES - CRITICA E INTERPRETACION14aMUJERES Y PSICOLOGIA